| 000 | 00957nam a22003257a 4500 | ||
|---|---|---|---|
| 003 | CHAP | ||
| 005 | 20220329133507.0 | ||
| 008 | 971013s1992 r 00010 d | ||
| 010 | _a7036 | ||
| 011 | _a8008 | ||
| 035 | _a7233 | ||
| 040 | _cCHAP | ||
| 082 |
_a636.089 _bF45Y |
||
| 100 | 0 | 0 |
_aFenner, Frank. _940036 |
| 245 | _aVirología veterinaria | ||
| 260 |
_aZaragoza : _bACRIBIA, _c1992 |
||
| 300 |
_a691 p. _b: ilus. |
||
| 500 | _a64-2 | ||
| 590 |
_aBATCH-UPD _b10 _c20130110 _lUCH01 _h1129 |
||
| 590 |
_aBATCH-UPD _b10 _c20130410 _lUCH01 _h0718 |
||
| 590 |
_aBATCH-UPD _b10 _c20130914 _lUCH01 _h1308 |
||
| 590 |
_aCONVERSION _b10 _c20130109 _lUCH01 _h1305 |
||
| 650 | 1 | 4 |
_aEnfermedades por virus. _936940 |
| 650 | 1 | 4 |
_aPatología veterinaria. _986194 |
| 650 | 1 | 4 |
_aVeterinaria. _9118987 |
| 650 | 1 | 4 |
_aVirología. _9119933 |
| 901 | _aBK | ||
| 942 | _cLIBRO | ||
| 949 |
_a636.089 F45Y _bBC _cLIBRO _d33724000272357 _eLIBRO _gI.167244 _h83576 _i7233 _si _t396.00 |
||
| 999 |
_c7036 _d7036 |
||